Welcome to Marium Abdulla Library

Embrace knowledge with a breath of fresh air.

Browse Collection

Marium Abdulla Library

The illuminated alphabet (Record no. 6618)

MARC details
000 -LEADER
fixed length control field 00416nam a2200193Ia 4500
001 - CONTROL NUMBER
control field 6690
003 - CONTROL NUMBER IDENTIFIER
control field OSt
005 - DATE AND TIME OF LATEST TRANSACTION
control field 20251117152218.0
008 - FIXED-LENGTH DATA ELEMENTS--GENERAL INFORMATION
fixed length control field 211022s9999 xx 000 0 und d
020 ## - INTERNATIONAL STANDARD BOOK NUMBER
International Standard Book Number 1856275620
040 ## - CATALOGING SOURCE
Transcribing agency IVS
082 ## - DEWEY DECIMAL CLASSIFICATION NUMBER
Classification number 745.61 BIL
100 ## - MAIN ENTRY--PERSONAL NAME
Personal name Billingsley, Jim
245 #4 - TITLE STATEMENT
Title The illuminated alphabet
260 ## - PUBLICATION, DISTRIBUTION, ETC.
Place of publication, distribution, etc. London
260 ## - PUBLICATION, DISTRIBUTION, ETC.
Name of publisher, distributor, etc. Grange Books
260 ## - PUBLICATION, DISTRIBUTION, ETC.
Date of publication, distribution, etc. 1993
942 ## - ADDED ENTRY ELEMENTS (KOHA)
Koha item type Book
Source of classification or shelving scheme Dewey Decimal Classification
Suppress in OPAC No
Holdings
Date last seen Total checkouts Full call number Barcode Date last checked out Price effective from Koha item type Lost status Damaged status Not for loan Collection Withdrawn status Home library Current library Shelving location Date acquired Cost, normal purchase price
03/28/2022 1 745.61 BIL 6690 02/22/2022 10/26/2021 Book       Textile   Marium Abdulla Library Marium Abdulla Library Non-Ref 08/13/2014 4500.00
10/26/2021   745.61 BIL 11885   10/26/2021 Book       Textile   Marium Abdulla Library Marium Abdulla Library Non-Ref 08/13/2014 4500.00